DOS RV V2. Príručka začiatočníka

Gespeichert in:
Bibliographische Detailangaben
Format: Buch
Veröffentlicht: Ostrava : Kancelářské stroje, 1986
Ausgabe:3.nezmenené vyd.
Tags: Tag hinzufügen
Keine Tags, Fügen Sie das erste Tag hinzu!

MARC

LEADER 00000nam a22000003a 4500
001 stu20553
005 20150408181331.0
008 ------s1986----cs----------------------d
040 |a STU  |b slo 
041 0
044 |a cs 
080 |a 681.3.06 
245 |a DOS RV V2. Príručka začiatočníka 
250 |a 3.nezmenené vyd. 
260 |a Ostrava :  |b Kancelářské stroje,  |c 1986 
300 |a 55 s 
996 |b CB661  |c C*B661  |l CCXVIII  |s P  |a 0  |w stu20553_0001